000 00782nam a2200265Ia 4500
001 Para_4045
003 CHAP
008 220125s1934 xx 000 0 und d
010 _a202515
040 _cCHAP
090 _aPA FOLLETO 1441
100 _aHeadlee, Thomas J
_953234
245 _aHydrocyanic acid gas fumigation /
_c Thomas J. Headlee
260 _aNew Brunswick, N. J. :
_b Agricultural Experiment Station
300 _a4 p.
440 _aNew Jersey. Agr. Exp. Sta. circular; 326
_9167764
650 _aAcido cianhídrico
_x Efecto en plantas Fumigación
_9167765
901 _aPA FOLLETO 1441
902 _aA
905 _a0000001934 NEW 0000000000 00
910 _a1934
942 _cPARA
942 _cPARA
_d1
999 _c202515
_d202515